<?xml version="1.0" encoding="UTF-8"?>
<record
    xmlns:xsi="http://www.w3.org/2001/XMLSchema-instance"
    xsi:schemaLocation="http://www.loc.gov/MARC21/slim http://www.loc.gov/standards/marcxml/schema/MARC21slim.xsd"
    xmlns="http://www.loc.gov/MARC21/slim">

  <leader>00663nam a22002177a 4500</leader>
  <controlfield tag="005">20201128151157.0</controlfield>
  <controlfield tag="008">201128b           ||||| |||| 00| 0 eng d</controlfield>
  <datafield tag="020" ind1=" " ind2=" ">
    <subfield code="a">9789382056942</subfield>
  </datafield>
  <datafield tag="040" ind1=" " ind2=" ">
    <subfield code="a">IN-DiNC</subfield>
    <subfield code="c">IN-DiNC</subfield>
  </datafield>
  <datafield tag="041" ind1=" " ind2=" ">
    <subfield code="d">asm</subfield>
  </datafield>
  <datafield tag="082" ind1=" " ind2=" ">
    <subfield code="a">327</subfield>
    <subfield code="b">DAS</subfield>
  </datafield>
  <datafield tag="100" ind1=" " ind2=" ">
    <subfield code="a">Das, Deepan</subfield>
    <subfield code="e">author</subfield>
  </datafield>
  <datafield tag="245" ind1=" " ind2=" ">
    <subfield code="a">Antarashtriya samparka aru bishwa itihasar prekshapatsamuh/</subfield>
    <subfield code="c">by Deepan Das and Ganesh Chandra Bora</subfield>
  </datafield>
  <datafield tag="250" ind1=" " ind2=" ">
    <subfield code="a">1st ed.</subfield>
  </datafield>
  <datafield tag="260" ind1=" " ind2=" ">
    <subfield code="a">Dibrugarh:</subfield>
    <subfield code="b">Banalata,</subfield>
    <subfield code="c">2020</subfield>
  </datafield>
  <datafield tag="300" ind1=" " ind2=" ">
    <subfield code="a">336p.</subfield>
  </datafield>
  <datafield tag="650" ind1=" " ind2=" ">
    <subfield code="a">Political science</subfield>
  </datafield>
  <datafield tag="650" ind1=" " ind2=" ">
    <subfield code="a">Perspectives of international relations and world history</subfield>
  </datafield>
  <datafield tag="700" ind1=" " ind2=" ">
    <subfield code="a">Bora, Ganesh Chandra</subfield>
    <subfield code="e">author</subfield>
  </datafield>
  <datafield tag="942" ind1=" " ind2=" ">
    <subfield code="2">ddc</subfield>
    <subfield code="c">BK</subfield>
  </datafield>
  <datafield tag="999" ind1=" " ind2=" ">
    <subfield code="c">11100</subfield>
    <subfield code="d">11100</subfield>
  </datafield>
  <datafield tag="952" ind1=" " ind2=" ">
    <subfield code="0">0</subfield>
    <subfield code="1">0</subfield>
    <subfield code="2">ddc</subfield>
    <subfield code="4">0</subfield>
    <subfield code="7">0</subfield>
    <subfield code="8">POL</subfield>
    <subfield code="a">MAIN</subfield>
    <subfield code="b">MAIN</subfield>
    <subfield code="c">GEN</subfield>
    <subfield code="d">2020-11-28</subfield>
    <subfield code="g">300.00</subfield>
    <subfield code="l">28</subfield>
    <subfield code="o">327 DAS</subfield>
    <subfield code="p">28470</subfield>
    <subfield code="r">2025-11-29 06:35:38</subfield>
    <subfield code="s">2025-11-08</subfield>
    <subfield code="t">1</subfield>
    <subfield code="w">2020-11-28</subfield>
    <subfield code="y">BK</subfield>
  </datafield>
  <datafield tag="952" ind1=" " ind2=" ">
    <subfield code="0">0</subfield>
    <subfield code="1">0</subfield>
    <subfield code="2">ddc</subfield>
    <subfield code="4">0</subfield>
    <subfield code="7">0</subfield>
    <subfield code="8">POL</subfield>
    <subfield code="a">MAIN</subfield>
    <subfield code="b">MAIN</subfield>
    <subfield code="c">GEN</subfield>
    <subfield code="d">2020-11-28</subfield>
    <subfield code="g">300.00</subfield>
    <subfield code="l">18</subfield>
    <subfield code="o">327 DAS</subfield>
    <subfield code="p">28471</subfield>
    <subfield code="r">2024-11-26 04:09:36</subfield>
    <subfield code="s">2024-11-04</subfield>
    <subfield code="t">2</subfield>
    <subfield code="w">2020-11-28</subfield>
    <subfield code="y">BK</subfield>
  </datafield>
  <datafield tag="952" ind1=" " ind2=" ">
    <subfield code="0">0</subfield>
    <subfield code="1">0</subfield>
    <subfield code="2">ddc</subfield>
    <subfield code="4">0</subfield>
    <subfield code="7">0</subfield>
    <subfield code="8">POL</subfield>
    <subfield code="a">MAIN</subfield>
    <subfield code="b">MAIN</subfield>
    <subfield code="c">GEN</subfield>
    <subfield code="d">2020-11-28</subfield>
    <subfield code="g">300.00</subfield>
    <subfield code="l">15</subfield>
    <subfield code="o">327 DAS</subfield>
    <subfield code="p">28472</subfield>
    <subfield code="r">2025-11-29 06:35:59</subfield>
    <subfield code="s">2025-11-06</subfield>
    <subfield code="t">3</subfield>
    <subfield code="w">2020-11-28</subfield>
    <subfield code="y">BK</subfield>
  </datafield>
  <datafield tag="952" ind1=" " ind2=" ">
    <subfield code="0">0</subfield>
    <subfield code="1">0</subfield>
    <subfield code="2">ddc</subfield>
    <subfield code="4">0</subfield>
    <subfield code="7">0</subfield>
    <subfield code="8">POL</subfield>
    <subfield code="a">MAIN</subfield>
    <subfield code="b">MAIN</subfield>
    <subfield code="c">GEN</subfield>
    <subfield code="d">2020-11-28</subfield>
    <subfield code="g">300.00</subfield>
    <subfield code="l">30</subfield>
    <subfield code="o">327 DAS</subfield>
    <subfield code="p">28473</subfield>
    <subfield code="r">2025-11-29 06:38:19</subfield>
    <subfield code="s">2025-11-07</subfield>
    <subfield code="t">4</subfield>
    <subfield code="w">2020-11-28</subfield>
    <subfield code="y">BK</subfield>
  </datafield>
  <datafield tag="952" ind1=" " ind2=" ">
    <subfield code="0">0</subfield>
    <subfield code="1">0</subfield>
    <subfield code="2">ddc</subfield>
    <subfield code="4">0</subfield>
    <subfield code="7">0</subfield>
    <subfield code="8">POL</subfield>
    <subfield code="a">MAIN</subfield>
    <subfield code="b">MAIN</subfield>
    <subfield code="c">GEN</subfield>
    <subfield code="d">2020-11-28</subfield>
    <subfield code="g">300.00</subfield>
    <subfield code="l">18</subfield>
    <subfield code="o">327 DAS</subfield>
    <subfield code="p">28474</subfield>
    <subfield code="r">2025-11-29 06:38:06</subfield>
    <subfield code="s">2025-11-07</subfield>
    <subfield code="t">5</subfield>
    <subfield code="w">2020-11-28</subfield>
    <subfield code="y">BK</subfield>
  </datafield>
</record>
